000 00562nam a2200193 i 4500
001 150317
003 ES-MaACL
005 20230906203447.0
007 t|
008 071029s1917 xxk ||||1| spa d
100 1 _aVallés, Franco.
_9112877
245 1 3 _aEl esfuerzo de Inglaterra /
_cFranco Vallés.
260 _aLondres :
_bEyre and Spottiswoode,
_c1917.
300 _a20 p. ;
_c18 cm.
650 4 _aGuerra mundial, 1914-1918-
_zGran Bretaña.
_9141633
852 _aES-MaACL
_j1579-F-26
852 _aES-MaACL
_j1551-F-5
852 _aES-MaACL
_j1489-F-8
999 _c150317
_d150317